Izrael külgazdasági kapcsolatainak főbb kérdései

Elmentve itt :
Bibliográfiai részletek
Szerző: Salih Shauqui
További közreműködők: Sallai Miklós (Témavezető)
Dokumentumtípus: Szakdolgozat
Megjelent: 1992
Tárgyszavak:
Online Access:http://diploma.bibl.u-szeged.hu/22777
LEADER 00560nta a2200157 i 4500
001 dipl22777
005 20130314081530.0
008 110916s1992 hu om 0|| zxx d
040 |a SZTE Diploma Repozitórium  |b hun 
041 |a zxx 
100 1 |a Salih Shauqui 
245 1 0 |a Izrael külgazdasági kapcsolatainak főbb kérdései  |h [elektronikus dokumentum] /  |c Shauqui Salih 
260 |c 1992 
650 4 |a Jogi és igazgatási tanulmányok 
700 1 |a Sallai Miklós  |e ths 
856 4 0 |u http://diploma.bibl.u-szeged.hu/id/eprint/22777/1/1992_salih_saluqui.pdf  |z Dokumentum-elérés